| 000 | 00599nam a22002057a 4500 | ||
|---|---|---|---|
| 999 |
_c4881 _d4881 |
||
| 003 | AR-CdUCM | ||
| 008 | 190311b ||||| |||| 00| 0 spa d | ||
| 040 |
_aMUNICIPALIDAD PROVINCIAL DEL CUSCO _cBIBLIOTECA MUNICIPAL DEL CUSCO |
||
| 082 |
_a869.56 / _bC31 |
||
| 100 |
_aCarrillo, Sonia Luz _915005 |
||
| 245 | _a... Y el corazón ardiendo / | ||
| 260 |
_aLima : _bPoesia, _c1979. |
||
| 300 |
_a62 páginas ; _c18.5 cm. |
||
| 500 | _aDonación familia Nieto | ||
| 650 |
_aPoesia peruana _99599 |
||
| 650 |
_aSiglo XX _98 |
||
| 650 |
_aPoetisa peruana _915006 |
||
| 942 |
_2ddc _cLIBROS |
||
| 945 | _aafb | ||